00705nam a2200241 a 4500001001300000003000900013005001700022008004100039020001000080082001700090100002200107245005300129260004000182300000900222500003500231505001000266650001800276700002200294902000800316942000700324952011700331999001500448nice12345678IN_TiNIC20260116011846.0050524s1899 lona grp 000 0 eng  ac10000a485.421bSON aSonnenschein, E A aGreek-Grammarb Parallel Grammar Series (part I) aLondonbSwan Sonneschein & Coc1899 a354p aincludes index and biblioraphy2 aIndex aGreek-Grammar1 aSonnenschein, E A bRBA cBK 001040708RareBook->aHMIbHMId2007-06-06g100.00l0o485.421 SONp08587r2007-06-06v100.00w2005-05-24yBK c4506d4506